Update on the London Underground and the public-private (PPP) partnership agreements (Record no. 120856)

MARC details
000 -LEADER
fixed length control field 00898cad a22002055a 4500
001 - CONTROL NUMBER
control field L149765
008 - FIXED-LENGTH DATA ELEMENTS--GENERAL INFORMATION
fixed length control field 100421u2010 xxk g 000 0 eng d
035 ## - SYSTEM CONTROL NUMBER
System control number (Sirsi) u149765
041 0# - LANGUAGE CODE
Language code of text/sound track or separate title eng
050 ## - LIBRARY OF CONGRESS CALL NUMBER
Classification number 658.404 $2 18
110 2# - MAIN ENTRY--CORPORATE NAME
Corporate name or jurisdiction name as entry element House of Commons Transport Committee
9 (RLIN) 5842
245 00 - TITLE STATEMENT
Title Update on the London Underground and the public-private (PPP) partnership agreements
Remainder of title seventh report of session 2009-10
-- report, together with formal minutes, oral and written evidence
Medium [electronic resource]
260 ## - PUBLICATION, DISTRIBUTION, ETC.
Place of publication, distribution, etc. London
Name of publisher, distributor, etc. The Stationery Office
Date of publication, distribution, etc. 2010
520 ## - SUMMARY, ETC.
Summary, etc. Update includes references to construction.
590 ## - LOCAL NOTE (RLIN)
Local note KA
651 #4 - SUBJECT ADDED ENTRY--GEOGRAPHIC NAME
Geographic name London
690 ## - LOCAL SUBJECT ADDED ENTRY--TOPICAL TERM (OCLC, RLIN)
Topical term or geographic name as entry element PROPERTY-INFRASTRUCTURE-TRANSPORT INFRASTRUCTURE
856 40 - ELECTRONIC LOCATION AND ACCESS
Uniform Resource Identifier <a href="https://www.publications.parliament.uk/pa/cm200910/cmselect/cmtran/100/100.pdf">https://www.publications.parliament.uk/pa/cm200910/cmselect/cmtran/100/100.pdf</a>
Public note View the website free of charge at www.publications.parliament.uk
942 ## - ADDED ENTRY ELEMENTS (KOHA)
Suppress in OPAC 0
Holdings
Withdrawn status Lost status Source of classification or shelving scheme Damaged status Not for loan Home library Current library Shelving location Date acquired Total Checkouts Full call number Barcode Date last seen Copy number Price effective from Koha item type
    Dewey Decimal Classification     Virtual Virtual Online 21/04/2010   L149765 149765-1001 06/08/2019 1 06/08/2019 Online material